The great Gatsby / (Record no. 1548)

MARC details
000 -LEADER
fixed length control field 00899nam a22002537a 4500
001 - CONTROL NUMBER
control field 1548
003 - CONTROL NUMBER IDENTIFIER
control field FISKH
005 - DATE AND TIME OF LATEST TRANSACTION
control field 20230922100315.0
008 - FIXED-LENGTH DATA ELEMENTS--GENERAL INFORMATION
fixed length control field 850725s1986 ctu b 001 0 eng
010 ## - LIBRARY OF CONGRESS CONTROL NUMBER
LC control number 85017500
020 ## - INTERNATIONAL STANDARD BOOK NUMBER
International Standard Book Number 9788172344566
040 ## - CATALOGING SOURCE
Original cataloging agency FISKH
Transcribing agency FISKH
Modifying agency FISKH
Language of cataloging eng
050 00 - LIBRARY OF CONGRESS CALL NUMBER
Classification number PS3511.I9
Item number G8372 1986
082 00 - DEWEY DECIMAL CLASSIFICATION NUMBER
Classification number 813/.52
100 ## - MAIN ENTRY--PERSONAL NAME
Personal name Fitzgerald, Scott
Dates associated with a name 1896-1940.
Fuller form of name Francis Scott Key Fitzgerald
245 00 - TITLE STATEMENT
Title The great Gatsby /
Statement of responsibility, etc. F. Scott Fitzgerald
260 ## - PUBLICATION, DISTRIBUTION, ETC.
Place of publication, distribution, etc. New Delhi :
Name of publisher, distributor, etc. Prakash Books India Pvt. Ltd.
Date of publication, distribution, etc. 2022
300 ## - PHYSICAL DESCRIPTION
Extent 224 pages :
Dimensions 20 cm
520 ## - SUMMARY, ETC.
Summary, etc. A young man, newly rich, tries to recapture the past and win back his former love, despite the fact that she is married.
521 8# - TARGET AUDIENCE NOTE
Target audience note 1010 <br/>
Source Lexile
600 10 - SUBJECT ADDED ENTRY--PERSONAL NAME
Personal name Fitzgerald, F. Scott
Fuller form of name (Francis Scott),
Dates associated with a name 1896-1940.
Title of a work Great Gatsby.
906 ## - LOCAL DATA ELEMENT F, LDF (RLIN)
a 7
b cbc
c orignew
d 1
e ocip
f 19
g y-gencatlg
942 ## - ADDED ENTRY ELEMENTS (KOHA)
Source of classification or shelving scheme Dewey Decimal Classification
Koha item type Books
Suppress in OPAC No
Holdings
Withdrawn status Lost status Source of classification or shelving scheme Damaged status Not for loan Collection Home library Current library Shelving location Date acquired Cost, normal purchase price Total Checkouts Full call number Barcode Date last seen Date last checked out Price effective from Koha item type
    Dewey Decimal Classification     Fiction Footprints International School Library Network Toul Kork Campus Footprints International School Library Network Toul Kork Campus   09/06/2023 4.50 2 FIT 8131.52 PS3511.I9 2023-0500 10/31/2025 10/31/2025 09/06/2023 Books